书目信息 |
| 题名: |
夜航船
|
|
| 作者: | 张岱 撰 ;刘耀林 校注 | |
| 分册: | ||
| 出版信息: | 杭州 浙江古籍出版社 1987 |
|
| 页数: | 691页 | |
| 开本: | 20cm | |
| 丛书名: | ||
| 单 册: | ||
| 中图分类: | Z224 | |
| 科图分类: | ||
| 主题词: | 百科全书--中国--明代 | |
| 电子资源: | ||
| ISBN: | ||
| 000 | 00642nam0 2200241 45 | |
| 001 | 0187017363 | |
| 005 | 20050510095338.8 | |
| 010 | @dCNY5.25 | |
| 091 | @a17347.3 | |
| 100 | @a19931028d1987 kemy0chiy0121 ea | |
| 101 | 0 | @achi |
| 102 | @aCN@b330000 | |
| 105 | @af f 000yy | |
| 200 | 10 | @a夜航船@Aye hang chuan@f(明)张岱撰@F(Ming)Zhang Dai Zhuan@g刘耀林校注 |
| 210 | @a杭州@c浙江古籍出版社@d1987 | |
| 215 | @a691页@c图@d20cm | |
| 606 | @a百科全书@y中国@z明代 | |
| 690 | @aZ224@v3 | |
| 701 | 0 | @a张岱@4撰 |
| 702 | 0 | @a刘耀林@4校注 |
| 801 | 0 | @aCN@b深圳图书馆@c20040517 |
| 801 | 2 | @aCN@bNLC@c20040517 |
| 905 | @dZ224@e33@b216728@f1 | |
| 夜航船/(明)张岱撰/刘耀林校注.-杭州:浙江古籍出版社,1987 |
| 691页:图;20cm |
| ISBN :CNY5.25 |
| ● |
| 相关链接 |
|
|
|
|
正题名:夜航船
索取号:Z224/33
 
预约/预借
| 序号 | 登录号 | 条形码 | 馆藏地/架位号 | 状态 | 备注 |
| 1 | 0216727 | 001552634 | 第三借阅区/ [索取号:Z224/33] | 在馆 | |
| 2 | 0216728 | 002028987 | 第三借阅区/ [索取号:Z224/33] | 在馆 | |
| 3 | 0216729 | 001552643 | 第二样本阅览室/ [索取号:Z224/33] | 在馆 |